00983cam a2200289 a 4500001000200000003000900002005001700011007000200028008004000030010000600070020001800076040002200094082002300116100003500139245007200174246002800246260007100274300002500345490001500370500007100385611008300456650006000539650002400599650002900623650000600652700003500658 DO-SdBNP20210513135226.0 020930s2017 dr a 000 1 spa  a  a9789945503104 aBPMSUcspabBPMSU aRD863.5bM645s2221 aMilanesse, Otto Oscar d1959 -10aSueños tras la lluvia y otros cuentos /cOtto Oscar Milanese b 13aSueños tras la lluvia aSanto Domingo :bMinisterio de Cultura ;bEditora Nacional c 2017 a175 p. ;c21 cm.b 0 aNarrativa  3Incluye datos biográficos del autor en la solapa de la cubierta  aFeria Regional del Libro Azua n(13 :d2017 :cAzua, República Dominicana ) 4aCertámenes literarios zAzua (República Dominicana) 4aCuentos Dominicanos 4aLiteratura dominicanav  4a 1 aMilanesse, Otto Oscar d1959 -